| 000 | 00443nam a2200157 i 4500 | ||
|---|---|---|---|
| 001 | 52865 | ||
| 003 | ES-MaACL | ||
| 005 | 20230906162647.0 | ||
| 007 | t| | ||
| 008 | 030905s1961 sp ||||1| spa d | ||
| 100 | 1 |
_aDeharbe, José. _943235 |
|
| 245 | 1 | 0 |
_aCatecismo de la doctrina cristiana _b: curso superior / _cJosé Deharbe. |
| 260 |
_aBarcelona : _bHerder, _c1961. |
||
| 300 |
_a421 p. ; _c19 cm. |
||
| 852 |
_aES-MaACL _jC-20716 _bR.48868 |
||
| 999 |
_c52865 _d52865 |
||